[Event "CAN-ch U20"]
[Site "Victoria CAN"]
[Date "2009.07.25"]
[Round "1"]
[White "Martchenko, Alexander"]
[Black "Marinkovic, Mate"]
[Result "0-1"]
[WhiteElo "2302"]
[BlackElo "2078"]
[PlyCount "148"]
[GameId "2160767910093426"]
[EventDate "2009.07.25"]
[EventType "swiss"]
[EventRounds "7"]
[EventCountry "CAN"]
[SourceTitle "EXT 2011"]
[Source "ChessBase"]
[SourceDate "2011.11.26"]
[SourceVersion "1"]
[SourceVersionDate "2011.11.26"]
[SourceQuality "1"]

1. e4 c5 2. Nf3 e6 3. d4 cxd4 4. Nxd4 Nc6 5. Nb5 d6 6. c4 a6 7. N5c3 Nf6 8. Be2 Be7 9. O-O O-O 10. Be3 Qc7 11. Nd2 b6 12. a3 Bb7 13. Na4 Nd7 14. b4 Rac8 15. Rc1 Ba8 16. f3 Qb8 17. Qe1 Bf6 18. Nb3 Nce5 19. Qd2 b5 20. Nb2 bxc4 21. Nxc4 Nxc4 22. Bxc4 Bb7 23. Rfd1 Ne5 24. Na5 Rfd8 25. Bb3 Nc6 26. Nxb7 Qxb7 27. Qe2 Be7 28. Bc4 Nb8 29. Bf4 Rc6 30. Rb1 Rdc8 31. Bd3 Rc3 32. a4 Ra3 33. b5 a5 34. Ra1 Rxa1 35. Rxa1 Nd7 36. Qd2 Nc5 37. Bc2 Qb6 38. Be3 h6 39. Rd1 Qc7 40. Qe1 Kf8 41. Kh1 Rd8 42. Bd2 Ra8 43. Bc3 Kg8 44. Bd4 Rc8 45. Rb1 Qb6 46. f4 Bf8 47. Qg3 Rb8 48. Rf1 Rc8 49. Be3 Kh8 50. Qg4 Qb7 51. Bd2 Nxe4 52. Qd1 Nxd2 53. Qxd2 Qc7 54. Be4 Qc4 55. Qd3 Qxd3 56. Bxd3 d5 57. Rb1 Bc5 58. b6 Bxb6 59. g3 Bc5 60. Rb7 Kg8 61. Kg2 g6 62. g4 Bb4 63. Kf3 Rc3 64. Ke2 Ra3 65. h4 Rxa4 66. f5 Ra2+ 67. Kf3 gxf5 68. gxf5 e5 69. Bb5 Kf8 70. Rd7 Rd2 71. Bc6 e4+ 72. Kf4 Rf2+ 73. Kg4 e3 74. Rd8+ Kg7 0-1

[Event "CAN-ch U20"]
[Site "Victoria CAN"]
[Date "2009.07.25"]
[Round "1"]
[White "Rakov, Pavel"]
[Black "Zhu, Zheng"]
[Result "1-0"]
[WhiteElo "2175"]
[BlackElo "1581"]
[PlyCount "133"]
[GameId "2160767910093428"]
[EventDate "2009.07.25"]
[EventType "swiss"]
[EventRounds "7"]
[EventCountry "CAN"]
[SourceTitle "EXT 2011"]
[Source "ChessBase"]
[SourceDate "2011.11.26"]
[SourceVersion "1"]
[SourceVersionDate "2011.11.26"]
[SourceQuality "1"]

1. d4 d5 2. c4 c6 3. Nf3 Nf6 4. e3 Bf5 5. cxd5 cxd5 6. Qb3 Qc7 7. Nc3 e6 8. Bd2 Be7 9. Rc1 Nc6 10. Bb5 a6 11. Bxc6+ bxc6 12. O-O O-O 13. Na4 Ne4 14. Qb6 Rfc8 15. Qxc7 Rxc7 16. Ba5 Rb7 17. Rxc6 Nd6 18. Nb6 Rab8 19. Ne5 Nc4 20. Nexc4 dxc4 21. Nxc4 Bd3 22. Rc1 Bxc4 23. R1xc4 Rxb2 24. g3 h6 25. a4 Ra2 26. Rc8+ Rxc8 27. Rxc8+ Kh7 28. Rc4 Kg6 29. Kg2 Kf5 30. Kf3 h5 31. h4 Bd6 32. Bb6 e5 33. e4+ Ke6 34. d5+ Kd7 35. a5 g6 36. Rc3 Bb4 37. Rc7+ Ke8 38. Ra7 Bxa5 39. Rxa6 Ra3+ 40. Kg2 Bb4 41. Rxa3 Bxa3 42. Bc7 Bb2 43. f4 f6 44. Kf3 Kd7 45. Bb8 Kc8 46. Bd6 Kd7 47. Bc5 exf4 48. gxf4 Bc3 49. Ke2 Ba5 50. e5 fxe5 51. fxe5 Bd8 52. e6+ Ke8 53. d6 Ba5 54. Ke3 Kd8 55. Kf4 Bd2+ 56. Ke5 Bc3+ 57. Kd5 Ba5 58. Be3 g5 59. Bxg5+ Kc8 60. d7+ Kc7 61. d8=Q+ Kb7 62. Qxa5 Kc8 63. Kc6 Kb8 64. e7 Kc8 65. e8=B Kb8 66. Bf4+ Kc8 67. Bd7# 1-0

[Event "CAN-ch U20"]
[Site "Victoria CAN"]
[Date "2009.07.25"]
[Round "1"]
[White "Zhang, David"]
[Black "Calugar, Arthur"]
[Result "0-1"]
[WhiteElo "2114"]
[BlackElo "2226"]
[PlyCount "98"]
[GameId "2160767910093430"]
[EventDate "2009.07.25"]
[EventType "swiss"]
[EventRounds "7"]
[EventCountry "CAN"]
[SourceTitle "EXT 2011"]
[Source "ChessBase"]
[SourceDate "2011.11.26"]
[SourceVersion "1"]
[SourceVersionDate "2011.11.26"]
[SourceQuality "1"]

1. e4 c5 2. Nf3 Nc6 3. Bb5 g6 4. c3 Nf6 5. Qe2 a6 6. Bxc6 dxc6 7. O-O Bg7 8. Rd1 O-O 9. d4 cxd4 10. cxd4 Qc7 11. Nc3 Be6 12. Bg5 h6 13. Bh4 Rad8 14. Na4 Nh5 15. Nc5 Bg4 16. Nb3 g5 17. Bg3 Nxg3 18. hxg3 e5 19. dxe5 Bxe5 20. Qc2 Bg7 21. Rd2 Bxf3 22. gxf3 Rxd2 23. Nxd2 Rd8 24. Rd1 Qd6 25. Kf1 h5 26. Ke2 h4 27. gxh4 gxh4 28. b3 h3 29. Rh1 h2 30. Nf1 Be5 31. Ne3 Qb4 32. Rd1 Rxd1 33. Qxd1 Bf4 34. Qd8+ Qf8 35. Qh4 Qh6 36. Qg4+ Kh7 37. Qf5+ Kg7 38. Qg4+ Qg5 39. Nf5+ Kg8 40. Qh3 Qg1 41. Ng3 Bxg3 42. Qg4+ Kf8 43. Qc8+ Ke7 44. Qxb7+ Kd8 45. Qb6+ Bc7 46. Qd4+ Kc8 47. Qh8+ Kb7 48. Qf8 Qg5 49. Qh8 a5 0-1

[Event "CAN-ch U20"]
[Site "Victoria CAN"]
[Date "2009.07.25"]
[Round "2"]
[White "Sapozhnikov, Roman"]
[Black "Rakov, Pavel"]
[Result "1-0"]
[WhiteElo "2350"]
[BlackElo "2175"]
[PlyCount "87"]
[GameId "2160767910093434"]
[EventDate "2009.07.25"]
[EventType "swiss"]
[EventRounds "7"]
[EventCountry "CAN"]
[SourceTitle "EXT 2011"]
[Source "ChessBase"]
[SourceDate "2011.11.26"]
[SourceVersion "1"]
[SourceVersionDate "2011.11.26"]
[SourceQuality "1"]

1. e4 c5 2. Nf3 Nc6 3. d4 cxd4 4. Nxd4 Nf6 5. Nc3 e5 6. Ndb5 d6 7. Nd5 Nxd5 8. exd5 Nb8 9. a4 a6 10. Na3 Be7 11. Be2 O-O 12. O-O f5 13. Nc4 Nd7 14. f4 e4 15. a5 b5 16. axb6 Nxb6 17. Na5 Bd7 18. c4 Qc7 19. Be3 Bf6 20. Ra2 Rfb8 21. b4 Nc8 22. Qd2 Kh8 23. Rc1 Na7 24. c5 Bb5 25. cxd6 Qxd6 26. Bc5 Qd7 27. Bxb5 Nxb5 28. Nc4 Qd8 29. d6 Rb7 30. Qd5 Rab8 31. Na5 Rb6 32. Nc6 Rxc6 33. Qxc6 Rc8 34. Qxa6 Nc3 35. Rac2 Nd5 36. Ba7 Rxc2 37. Rxc2 Nxb4 38. Bb6 Bd4+ 39. Kf1 Qg8 40. d7 Bf6 41. Qc8 Nxc2 42. Qxc2 g5 43. Qc8 gxf4 44. Bd4 1-0

[Event "CAN-ch U20"]
[Site "Victoria CAN"]
[Date "2009.07.25"]
[Round "2"]
[White "Zhang, David"]
[Black "Martchenko, Alexander"]
[Result "0-1"]
[WhiteElo "2114"]
[BlackElo "2302"]
[PlyCount "68"]
[GameId "2160767910093435"]
[EventDate "2009.07.25"]
[EventType "swiss"]
[EventRounds "7"]
[EventCountry "CAN"]
[SourceTitle "EXT 2011"]
[Source "ChessBase"]
[SourceDate "2011.11.26"]
[SourceVersion "1"]
[SourceVersionDate "2011.11.26"]
[SourceQuality "1"]

1. e4 e5 2. Nf3 Nc6 3. Nc3 d6 4. d4 exd4 5. Nxd4 Bd7 6. Bc4 Nf6 7. O-O Be7 8. Re1 O-O 9. Nxc6 Bxc6 10. Nd5 Re8 11. h3 Qd7 12. f4 Bd8 13. Nxf6+ Bxf6 14. Bd5 Re7 15. c4 Rae8 16. Qc2 Bxd5 17. cxd5 c6 18. Bd2 Bh4 19. Rec1 cxd5 20. exd5 Qb5 21. Qb3 Qe2 22. Qb4 Qf2+ 23. Kh1 Re2 24. Rg1 Rxd2 25. Qxb7 Rxb2 26. Qd7 Rd8 27. Qc7 Qb6 28. Qc4 Bf6 29. Rae1 g6 30. Rgf1 Qc5 31. Qe4 Qc2 32. Qf3 Qf5 33. g4 Qc2 34. Qg3 Bh4 0-1

[Event "CAN-ch U20"]
[Site "Victoria CAN"]
[Date "2009.07.25"]
[Round "2"]
[White "Zhu, Zheng"]
[Black "Li, Changhe"]
[Result "0-1"]
[WhiteElo "1581"]
[BlackElo "2065"]
[PlyCount "110"]
[GameId "2160767910093436"]
[EventDate "2009.07.25"]
[EventType "swiss"]
[EventRounds "7"]
[EventCountry "CAN"]
[SourceTitle "EXT 2011"]
[Source "ChessBase"]
[SourceDate "2011.11.26"]
[SourceVersion "1"]
[SourceVersionDate "2011.11.26"]
[SourceQuality "1"]

1. e4 c5 2. Nf3 e6 3. c3 Nf6 4. e5 Nd5 5. d4 cxd4 6. cxd4 d6 7. Be2 Bd7 8. O-O a6 9. Nc3 Bc6 10. Bg5 Be7 11. Bxe7 Nxe7 12. Ng5 Nf5 13. Nge4 d5 14. Nc5 Nd7 15. Nb3 b5 16. Qd2 Qb6 17. Bg4 b4 18. Ne2 Ne7 19. Rfc1 O-O 20. Nf4 Ng6 21. Nd3 a5 22. Nbc5 Rfc8 23. Nxd7 Bxd7 24. Nc5 Nxe5 25. Nxd7 Nxd7 26. Qf4 Nf6 27. Be2 Ne4 28. Qh4 Qxd4 29. Ba6 Rf8 30. Bb7 Rab8 31. Ba6 Qxb2 32. Rab1 Qf6 33. Qxf6 gxf6 34. Rc7 Nc3 35. Rb2 Rb6 36. Bd3 Rfb8 37. Bxh7+ Kxh7 38. Rxf7+ Kg6 39. Rc7 d4 40. g4 b3 41. a3 Na4 42. Rb1 b2 43. f4 f5 44. gxf5+ exf5 45. h4 Nc3 46. h5+ Kh6 47. a4 Nxb1 48. Rc2 Na3 49. Kh2 Nxc2 50. Kh3 Rb5 51. Kh4 b1=Q 52. Kg3 Qf1 53. Kh2 Ne3 54. Kg3 Qg2+ 55. Kh4 Qh2# 0-1

[Event "CAN-ch U20"]
[Site "Victoria CAN"]
[Date "2009.07.25"]
[Round "3"]
[White "Li, Changhe"]
[Black "Cheng, Jack"]
[Result "1/2-1/2"]
[WhiteElo "2065"]
[BlackElo "2048"]
[PlyCount "89"]
[GameId "2160767910093438"]
[EventDate "2009.07.25"]
[EventType "swiss"]
[EventRounds "7"]
[EventCountry "CAN"]
[SourceTitle "EXT 2011"]
[Source "ChessBase"]
[SourceDate "2011.11.26"]
[SourceVersion "1"]
[SourceVersionDate "2011.11.26"]
[SourceQuality "1"]

1. e4 e5 2. Nc3 Nf6 3. g3 Bc5 4. Bg2 Nc6 5. Nge2 d6 6. O-O a6 7. d3 h6 8. h3 Be6 9. Kh2 Qe7 10. Nd5 Bxd5 11. exd5 Nd4 12. Nxd4 Bxd4 13. c3 Bb6 14. Be3 Bxe3 15. fxe3 h5 16. Qa4+ Qd7 17. Qxd7+ Nxd7 18. Rac1 g6 19. e4 Ke7 20. Rf3 Raf8 21. Rcf1 f6 22. h4 Nb6 23. b3 c6 24. dxc6 bxc6 25. c4 Na8 26. R3f2 Nc7 27. Bh3 Ne6 28. Bxe6 Kxe6 29. c5 dxc5 30. Rc1 Kd6 31. Rfc2 f5 32. Rxc5 Rc8 33. b4 Rh7 34. R1c4 fxe4 35. Rxe4 Re7 36. Kg2 Rb8 37. Ra5 Rb6 38. Kf2 Rf7+ 39. Ke2 Re7 40. a3 Re6 41. Ke3 Re7 42. g4 Re6 43. gxh5 gxh5 44. d4 Rb5 45. Rxb5 1/2-1/2

[Event "CAN-ch U20"]
[Site "Victoria CAN"]
[Date "2009.07.25"]
[Round "3"]
[White "Martchenko, Alexander"]
[Black "Sapozhnikov, Roman"]
[Result "1-0"]
[WhiteElo "2302"]
[BlackElo "2350"]
[PlyCount "167"]
[GameId "2160767910093439"]
[EventDate "2009.07.25"]
[EventType "swiss"]
[EventRounds "7"]
[EventCountry "CAN"]
[SourceTitle "EXT 2011"]
[Source "ChessBase"]
[SourceDate "2011.11.26"]
[SourceVersion "1"]
[SourceVersionDate "2011.11.26"]
[SourceQuality "1"]

1. e4 c5 2. Nf3 d6 3. Bb5+ Bd7 4. Bxd7+ Qxd7 5. c4 g6 6. Nc3 Bg7 7. d4 cxd4 8. Nxd4 Nf6 9. O-O O-O 10. h3 Rc8 11. b3 b5 12. Ndxb5 Nxe4 13. Bb2 Nc6 14. Re1 Nc5 15. Rb1 a6 16. Na3 Qf5 17. Re3 Ra7 18. Nd5 Bxb2 19. Rxb2 e6 20. Nc3 Rd8 21. Rd2 Rad7 22. Nc2 a5 23. Nd4 Nxd4 24. Rxd4 Qf6 25. Rd2 e5 26. Ne4 Nxe4 27. Rxe4 Qe6 28. Rd5 f5 29. Re2 f4 30. Qd3 g5 31. Rd2 h6 32. Rxa5 Qf6 33. Qe4 Kg7 34. Rad5 Qe6 35. c5 dxc5 36. Rxe5 Qf6 37. Re2 Rf8 38. Re6 Qf5 39. f3 Qxe4 40. R6xe4 Rd1+ 41. Kf2 Rc1 42. Rd2 Rf7 43. Ree2 Rc7 44. Rc2 Rb1 45. Re1 Rxe1 46. Kxe1 Ra7 47. Ke2 Kf6 48. Kd3 Ke6 49. Kc4 Kd6 50. Rd2+ Kc6 51. Re2 Kd6 52. a4 Rb7 53. Re8 Rb4+ 54. Kc3 Kd5 55. Rd8+ Ke5 56. Re8+ Kd5 57. Rd8+ Ke5 58. a5 Rb7 59. Rd2 Ra7 60. b4 cxb4+ 61. Kxb4 Kf5 62. Kb5 Re7 63. Ra2 Re5+ 64. Kc6 Re6+ 65. Kc7 Re7+ 66. Kd8 Ra7 67. Kc8 Kg6 68. Kb8 Rf7 69. a6 Rf8+ 70. Kb7 Rf7+ 71. Kb6 Rf6+ 72. Kc5 Rf5+ 73. Kd4 Rf8 74. a7 Ra8 75. Ke5 Kh5 76. Kd6 Kh4 77. Kc7 Rh8 78. a8=Q Rxa8 79. Rxa8 Kg3 80. Ra2 h5 81. Kd6 Kh2 82. Ke5 Kg3 83. Kf6 Kh4 84. Kf5 1-0

[Event "CAN-ch U20"]
[Site "Victoria CAN"]
[Date "2009.07.25"]
[Round "3"]
[White "Rakov, Pavel"]
[Black "Marinkovic, Mate"]
[Result "1/2-1/2"]
[WhiteElo "2175"]
[BlackElo "2078"]
[PlyCount "142"]
[GameId "2160767910093440"]
[EventDate "2009.07.25"]
[EventType "swiss"]
[EventRounds "7"]
[EventCountry "CAN"]
[SourceTitle "EXT 2011"]
[Source "ChessBase"]
[SourceDate "2011.11.26"]
[SourceVersion "1"]
[SourceVersionDate "2011.11.26"]
[SourceQuality "1"]

1. d4 d5 2. Nf3 Nf6 3. c4 c6 4. Nc3 dxc4 5. a4 Bf5 6. Ne5 Qc7 7. Nxc4 Nbd7 8. g3 e5 9. dxe5 Nxe5 10. Bf4 Nfd7 11. Bg2 f6 12. O-O Rd8 13. Nxe5 Nxe5 14. Qb3 Qf7 15. Qxf7+ Nxf7 16. a5 a6 17. Rfd1 Bd6 18. Bxd6 Rxd6 19. Rxd6 Nxd6 20. Na4 Ke7 21. Nc5 Rd8 22. e4 Bc8 23. Rd1 Nc4 24. Rxd8 Kxd8 25. b4 Kc7 26. Bf1 Na3 27. Bd3 b6 28. axb6+ Kxb6 29. Na4+ Kc7 30. f4 Nb5 31. Kf2 Nd4 32. Nc5 Kb6 33. Ke3 Ne6 34. Bxa6 Nxc5 35. Bxc8 Na4 36. Kd4 Kb5 37. Bd7 Nb6 38. Be8 Nc8 39. e5 Ne7 40. e6 Nd5 41. Bd7 Ne7 42. Kc3 Nd5+ 43. Kb3 Ne7 44. Be8 Nd5 45. Bh5 Ne7 46. Be2+ Kb6 47. Kc4 Nd5 48. Bf3 Ne7 49. Be4 h6 50. g4 Nc8 51. Bd3 Nd6+ 52. Kd4 Nc8 53. h3 Ne7 54. h4 Nc8 55. b5 Ne7 56. bxc6 Kxc6 57. Be4+ Kd6 58. f5 Ng8 59. h5 Ne7 60. Bf3 Ng8 61. Kc4 Ne7 62. Kb5 Kc7 63. Kc5 Ng8 64. Kd5 Ne7+ 65. Kc5 Ng8 66. Bd5 Ne7 67. Bc4 Ng8 68. Bb5 Ne7 69. Be8 Nc8 70. Bc6 Ne7 71. Bb7 Ng8 1/2-1/2

[Event "CAN-ch U20"]
[Site "Victoria CAN"]
[Date "2009.07.25"]
[Round "3"]
[White "Zhu, Zheng"]
[Black "Zhang, David"]
[Result "0-1"]
[WhiteElo "1581"]
[BlackElo "2114"]
[PlyCount "148"]
[GameId "2160767910093442"]
[EventDate "2009.07.25"]
[EventType "swiss"]
[EventRounds "7"]
[EventCountry "CAN"]
[SourceTitle "EXT 2011"]
[Source "ChessBase"]
[SourceDate "2011.11.26"]
[SourceVersion "1"]
[SourceVersionDate "2011.11.26"]
[SourceQuality "1"]

1. e4 c6 2. d4 d5 3. exd5 cxd5 4. Bd3 Nc6 5. c3 Nf6 6. Bf4 Qb6 7. b3 Bg4 8. Ne2 e6 9. h3 Bh5 10. O-O Be7 11. Nd2 O-O 12. Re1 Rac8 13. b4 Bxe2 14. Bxe2 a6 15. a4 Nb8 16. a5 Qc6 17. Rc1 Bd6 18. Bxd6 Qxd6 19. Bd3 Nbd7 20. Nf3 Rc7 21. Qd2 Rfc8 22. Rc2 Ne8 23. Ng5 h6 24. Bh7+ Kf8 25. Nf3 Ndf6 26. Bd3 Qe7 27. Re3 Nd6 28. Ne5 Nd7 29. Rf3 Nxe5 30. dxe5 Nc4 31. Qf4 Na3 32. Re2 Rxc3 33. Rg3 Nb5 34. Ree3 Rb3 35. Ref3 Rxb4 36. Qd2 Rd4 37. Qb2 Qb4 38. Qxb4+ Rxb4 39. Bg6 Rc7 40. Bh7 Nd4 41. Re3 Nf5 42. Bxf5 exf5 43. Re2 Re4 44. Rge3 Rc5 45. f4 Rxa5 46. e6 fxe6 47. g4 b5 48. h4 Raa4 49. h5 fxg4 50. f5 exf5 51. Rxe4 fxe4 52. Kh2 Ra3 53. Rg2 g3+ 54. Kh3 d4 55. Kg4 Rf3 56. Rxg3 Rxg3+ 57. Kxg3 b4 58. Kf4 e3 59. Kf5 b3 60. Kg6 b2 61. Kh7 b1=B+ 62. Kh8 Bh7 63. Kxh7 a5 64. Kh8 a4 65. Kh7 a3 66. Kh8 a2 67. Kh7 e2 68. Kg6 d3 69. Kh7 Kf7 70. Kh8 a1=B 71. Kh7 e1=N 72. Kh8 Nf3 73. Kh7 Ng5+ 74. Kh8 g6# 0-1

[Event "CAN-ch U20"]
[Site "Victoria CAN"]
[Date "2009.07.26"]
[Round "4"]
[White "Calugar, Arthur"]
[Black "Martchenko, Alexander"]
[Result "1/2-1/2"]
[WhiteElo "2226"]
[BlackElo "2302"]
[PlyCount "133"]
[GameId "2160767910093443"]
[EventDate "2009.07.25"]
[EventType "swiss"]
[EventRounds "7"]
[EventCountry "CAN"]
[SourceTitle "EXT 2011"]
[Source "ChessBase"]
[SourceDate "2011.11.26"]
[SourceVersion "1"]
[SourceVersionDate "2011.11.26"]
[SourceQuality "1"]

1. Nf3 d5 2. b3 Nf6 3. Bb2 Bf5 4. c4 e6 5. g3 Be7 6. Bg2 h6 7. O-O O-O 8. d3 c6 9. Nbd2 Nbd7 10. Qc1 Bh7 11. Bc3 Rc8 12. a4 b6 13. Qb2 c5 14. cxd5 exd5 15. d4 Re8 16. Rad1 Bf8 17. Rfe1 Qc7 18. Rc1 Qb8 19. dxc5 bxc5 20. e3 Ne4 21. Nxe4 Bxe4 22. Nh4 Bxg2 23. Nxg2 c4 24. bxc4 Qxb2 25. Bxb2 dxc4 26. Rc2 Nc5 27. Bd4 Nd3 28. Rd1 Nb4 29. Rcc1 Red8 30. Ne1 a6 31. Nc2 Nd3 32. Rb1 Bc5 33. Bxc5 Rxc5 34. Nb4 Rcc8 35. Nxd3 Rxd3 36. Rxd3 cxd3 37. Rd1 Rc4 38. a5 Ra4 39. Rxd3 Rxa5 40. g4 Ra2 41. Kg2 Kf8 42. Rd7 g6 43. Kg3 Kg7 44. Rd6 a5 45. Ra6 Kh7 46. h4 Kg7 47. Rb6 a4 48. Ra6 Ra1 49. Ra5 Kf6 50. h5 gxh5 51. Rxh5 Kg6 52. Ra5 a3 53. Kf4 Ra2 54. f3 Ra1 55. Ra6+ Kg7 56. e4 a2 57. Ra3 Kg6 58. e5 Kg7 59. Ra6 Kh7 60. Ra7 Kg6 61. Ra3 Kg7 62. Ra8 Kh7 63. Ra7 Kg6 64. Ra3 Kg7 65. Kf5 Rf1 66. Rxa2 Rxf3+ 67. Ke4 1/2-1/2

[Event "CAN-ch U20"]
[Site "Victoria CAN"]
[Date "2009.07.26"]
[Round "4"]
[White "Cheng, Jack"]
[Black "Zhu, Zheng"]
[Result "1-0"]
[WhiteElo "2048"]
[BlackElo "1581"]
[PlyCount "143"]
[GameId "2160767910093444"]
[EventDate "2009.07.25"]
[EventType "swiss"]
[EventRounds "7"]
[EventCountry "CAN"]
[SourceTitle "EXT 2011"]
[Source "ChessBase"]
[SourceDate "2011.11.26"]
[SourceVersion "1"]
[SourceVersionDate "2011.11.26"]
[SourceQuality "1"]

1. e4 e6 2. d4 d5 3. e5 c5 4. c3 Nc6 5. Nf3 Qb6 6. Be2 cxd4 7. cxd4 Nh6 8. Nc3 Nf5 9. Na4 Qa5+ 10. Kf1 Bd7 11. Nc3 h5 12. a3 Rc8 13. Be3 Nxe3+ 14. fxe3 Ne7 15. Bd3 Nf5 16. Kf2 g6 17. b4 Qd8 18. Na4 Bh6 19. Bxf5 gxf5 20. Nc5 Bc6 21. b5 b6 22. bxc6 bxc5 23. Qa4 Qc7 24. Rab1 O-O 25. Rhc1 c4 26. Rc3 Qxc6 27. Qxa7 Ra8 28. Qe7 Rfb8 29. Rbc1 Qb7 30. Qf6 Bg7 31. Qg5 Qb2+ 32. R1c2 Qa1 33. Qxh5 Rb2 34. Ng5 Rxc2+ 35. Rxc2 Ra7 36. Nh7 Qxa3 37. Nf6+ Kf8 38. Qh7 Ra8 39. Qg8+ Ke7 40. Qxg7 Qd3 41. Rb2 Qb3 42. Rxb3 cxb3 43. Nxd5+ exd5 44. Qf6+ Kd7 45. Qb6 Ra2+ 46. Kg3 Rb2 47. Qb4 Rb1 48. Qc3 Ke8 49. Qb4 Kd8 50. Qa3 Ke8 51. h4 Kd8 52. h5 Rh1 53. Qxb3 Rxh5 54. Qxd5+ Ke8 55. Qc6+ Kf8 56. Kf4 Kg8 57. d5 Rh4+ 58. Kxf5 Rh1 59. d6 Kh7 60. d7 f6 61. exf6 Rh4 62. g4 Rh2 63. Qc7 Rf2+ 64. Ke5 Kh6 65. d8=Q Kg5 66. f7+ Kxg4 67. Qc4+ Kh5 68. Qch4+ Kg6 69. Qhg5+ Kh7 70. f8=N+ Kh8 71. Qh6+ Kg8 72. Qh7# 1-0

[Event "CAN-ch U20"]
[Site "Victoria CAN"]
[Date "2009.07.26"]
[Round "4"]
[White "Li, Changhe"]
[Black "Rakov, Pavel"]
[Result "1/2-1/2"]
[WhiteElo "2065"]
[BlackElo "2175"]
[PlyCount "63"]
[GameId "2160767910093445"]
[EventDate "2009.07.25"]
[EventType "swiss"]
[EventRounds "7"]
[EventCountry "CAN"]
[SourceTitle "EXT 2011"]
[Source "ChessBase"]
[SourceDate "2011.11.26"]
[SourceVersion "1"]
[SourceVersionDate "2011.11.26"]
[SourceQuality "1"]

1. e4 e6 2. d4 d5 3. Nc3 Bb4 4. e5 Qd7 5. Bd3 b6 6. a3 Bxc3+ 7. bxc3 Ba6 8. Qg4 f5 9. Qe2 Bxd3 10. cxd3 Ne7 11. Nf3 h6 12. h4 g6 13. Be3 Nbc6 14. Qd2 Na5 15. Rb1 Ng8 16. Qc2 Qc6 17. Bd2 Nb7 18. Qb3 Ne7 19. O-O Nd8 20. c4 Qd7 21. Bb4 Ndc6 22. Rfd1 Kf7 23. Qc2 Nxb4 24. axb4 a5 25. b5 Kg7 26. Nh2 Qe8 27. Qd2 Qf7 28. f4 Rhd8 29. c5 Rdc8 30. Kf2 Qe8 31. Rg1 Rcb8 32. c6 1/2-1/2

[Event "CAN-ch U20"]
[Site "Victoria CAN"]
[Date "2009.07.26"]
[Round "4"]
[White "Sapozhnikov, Roman"]
[Black "Marinkovic, Mate"]
[Result "1-0"]
[WhiteElo "2350"]
[BlackElo "2078"]
[PlyCount "93"]
[GameId "2160767910093447"]
[EventDate "2009.07.25"]
[EventType "swiss"]
[EventRounds "7"]
[EventCountry "CAN"]
[SourceTitle "EXT 2011"]
[Source "ChessBase"]
[SourceDate "2011.11.26"]
[SourceVersion "1"]
[SourceVersionDate "2011.11.26"]
[SourceQuality "1"]

1. e4 c5 2. Nf3 e6 3. d4 cxd4 4. Nxd4 Nc6 5. Nc3 Qc7 6. Be3 a6 7. Qd2 Nf6 8. O-O-O Bb4 9. f3 O-O 10. g4 b5 11. g5 Ne8 12. h4 Bb7 13. Nxc6 Bxc6 14. h5 g6 15. Kb1 Rc8 16. Bd4 Bd6 17. Bd3 Bf4 18. Qg2 e5 19. Bf2 Ng7 20. hxg6 fxg6 21. Nd5 Bxd5 22. exd5 d6 23. Rxh7 Kxh7 24. Qh3+ Kg8 25. Bxg6 Rf7 26. Bxf7+ Kxf7 27. g6+ Kxg6 28. Rg1+ Kf7 29. Qh7 Rg8 30. Qg6+ Kf8 31. Bh4 Qd7 32. Qf6+ Ke8 33. Rg4 Be3 34. Qg6+ Kf8 35. a3 Bb6 36. f4 Bd8 37. fxe5 dxe5 38. Rg1 Qf5 39. Qg2 Ke8 40. Rf1 Qh5 41. d6 Kd7 42. Bxd8 Rxd8 43. Qxg7+ Kxd6 44. Rf6+ Kd5 45. Qb7+ Kd4 46. Qb6+ Ke4 47. Qxd8 1-0

[Event "CAN-ch U20"]
[Site "Victoria CAN"]
[Date "2009.07.27"]
[Round "5"]
[White "Cheng, Jack"]
[Black "Zhang, David"]
[Result "0-1"]
[WhiteElo "2048"]
[BlackElo "2114"]
[PlyCount "86"]
[GameId "2160767910093449"]
[EventDate "2009.07.25"]
[EventType "swiss"]
[EventRounds "7"]
[EventCountry "CAN"]
[SourceTitle "EXT 2011"]
[Source "ChessBase"]
[SourceDate "2011.11.26"]
[SourceVersion "1"]
[SourceVersionDate "2011.11.26"]
[SourceQuality "1"]

1. e4 c6 2. d4 d5 3. e5 Bf5 4. Nf3 e6 5. Be2 c5 6. O-O Nc6 7. c3 cxd4 8. cxd4 Nge7 9. Nc3 Nc8 10. Be3 Be7 11. Rc1 O-O 12. Na4 Nb6 13. Nc5 Bxc5 14. Rxc5 Rc8 15. Qb3 h6 16. Rfc1 Qe7 17. Qb5 Rc7 18. a3 Rfc8 19. Ne1 Nc4 20. Bxc4 b6 21. Bd3 bxc5 22. Rxc5 Bxd3 23. Nxd3 Nd8 24. b4 Nb7 25. Rxc7 Qxc7 26. Nc5 Nxc5 27. bxc5 Rb8 28. Qd3 Qa5 29. h3 Qa4 30. Bc1 Rb3 31. Qd2 Rb1 32. Kh2 Qc4 33. Bb2 Qb3 34. Bc1 Qc4 35. Bb2 Qa2 36. Bc1 Qa1 37. Qa5 Rxc1 38. Qxa7 Rh1+ 39. Kg3 Qc3+ 40. f3 Qe1+ 41. Kg4 Qd2 42. Qb8+ Kh7 43. g3 Qxd4+ 0-1

[Event "CAN-ch U20"]
[Site "Victoria CAN"]
[Date "2009.07.27"]
[Round "5"]
[White "Marinkovic, Mate"]
[Black "Zhu, Zheng"]
[Result "1-0"]
[WhiteElo "2078"]
[BlackElo "1581"]
[PlyCount "83"]
[GameId "2160767910093450"]
[EventDate "2009.07.25"]
[EventType "swiss"]
[EventRounds "7"]
[EventCountry "CAN"]
[SourceTitle "EXT 2011"]
[Source "ChessBase"]
[SourceDate "2011.11.26"]
[SourceVersion "1"]
[SourceVersionDate "2011.11.26"]
[SourceQuality "1"]

1. d4 d5 2. Nf3 Nf6 3. Bg5 e6 4. e3 b6 5. Bd3 Ba6 6. c3 Bxd3 7. Qxd3 Be7 8. Nbd2 Nbd7 9. O-O O-O 10. Ne5 h6 11. Bh4 c5 12. f4 c4 13. Qe2 Nxe5 14. fxe5 Nd7 15. Bxe7 Qxe7 16. e4 b5 17. Rae1 Nb6 18. exd5 Nxd5 19. Ne4 Rfd8 20. Nd6 Rxd6 21. exd6 Qxd6 22. Qh5 Qd7 23. a3 a6 24. Qf3 Ra7 25. Qe2 Qd8 26. a4 Rd7 27. axb5 axb5 28. Ra1 Qb6 29. Ra8+ Rd8 30. Rxd8+ Qxd8 31. Qf3 Qc7 32. Ra1 Qb7 33. Qe2 Qd7 34. Ra8+ Kh7 35. Qe4+ f5 36. Qe5 Qe7 37. Qg3 Qf7 38. Ra6 g5 39. Qe5 Nf4 40. g3 Qh5 41. Ra7+ Kg8 42. Qg7# 1-0

[Event "CAN-ch U20"]
[Site "Victoria CAN"]
[Date "2009.07.27"]
[Round "5"]
[White "Rakov, Pavel"]
[Black "Calugar, Arthur"]
[Result "1/2-1/2"]
[WhiteElo "2175"]
[BlackElo "2226"]
[PlyCount "160"]
[GameId "2160767910093452"]
[EventDate "2009.07.25"]
[EventType "swiss"]
[EventRounds "7"]
[EventCountry "CAN"]
[SourceTitle "EXT 2011"]
[Source "ChessBase"]
[SourceDate "2011.11.26"]
[SourceVersion "1"]
[SourceVersionDate "2011.11.26"]
[SourceQuality "1"]

1. d4 Nf6 2. Nf3 g6 3. c4 Bg7 4. Nc3 d5 5. Bg5 Ne4 6. cxd5 Nxg5 7. Nxg5 e6 8. Nf3 exd5 9. b4 Qd6 10. Qb3 c6 11. e3 O-O 12. Be2 Bf5 13. O-O Nd7 14. b5 Nb6 15. bxc6 Qxc6 16. Rac1 Rac8 17. Bb5 Qd6 18. a4 Rfd8 19. a5 Na8 20. Be2 b6 21. Ba6 Rb8 22. Nb5 Qe6 23. Qa4 bxa5 24. Qxa5 Qb6 25. Ra1 Bd3 26. Nxa7 Bxf1 27. Bxf1 Qxa5 28. Rxa5 Rb6 29. Nb5 Rc8 30. g3 Nc7 31. Nxc7 Rxc7 32. Rxd5 Rc1 33. Kg2 Rb2 34. Rd8+ Bf8 35. Ne5 Rbc2 36. Nd7 Rc8 37. Rxc8 Rxc8 38. Nxf8 Kxf8 39. h4 Rc2 40. Bd3 Rd2 41. Be4 Ke7 42. h5 Kf6 43. hxg6 hxg6 44. g4 g5 45. Bf5 Ke7 46. Be4 Ke6 47. Kg3 f6 48. Kg2 Kd6 49. Kg3 Kc7 50. Bf3 Kb6 51. Bd5 Kb5 52. Be6 Kb4 53. f4 Kb5 54. fxg5 fxg5 55. Kf3 Kc6 56. Ke4 Kd6 57. Bc8 Rc2 58. Bf5 Rc3 59. Bg6 Ke6 60. Bf5+ Kf6 61. Bd7 Rc7 62. Bf5 Re7+ 63. Kd3 Ra7 64. e4 Ra3+ 65. Kc4 Ra4+ 66. Kc5 Ra5+ 67. Kb4 Ra1 68. e5+ Kf7 69. Kc5 Ra5+ 70. Kc6 Ra6+ 71. Kd5 Ra5+ 72. Ke4 Ra4 73. Bd7 Rb4 74. Bf5 Ra4 75. Ke3 Ra3+ 76. Ke4 Ra4 77. Kd5 Ra5+ 78. Kc6 Ra6+ 79. Kb5 Ra1 80. Kb6 Ra2 1/2-1/2